01123nas a2200265Ia 4500001001100000003000900011008004100020040001300061040001300074041001300087100004400100210002600144222002600170245008100196250001100277260004400288501008600332300001700418362001600435500026800451650004300719700002400762700001800786700005300804R119/44937IT-RoPAU151124c99999999xx |||||||||||| ||und|| aIT-RoPAU cIT-RoPAU aITALIANO aGalli GiorgiogCodice Aut. SPICS: 6324 aIKON-QUADERNI DI IKON aIkon-Quaderni Di Ikon aQUADERNI DI IKON, N.12 (1970)bModelli E Valori Nella Pubblicita' Televisiva a1a ed. aMILANObISTITUTO AGOSTINO GEMELLIc1970 bPaulus - SPICS - Società San Paolo EM (non-commercial uses only)cCopyright2015 a32 p. [5-36] aN.12 (1970) aCoinvolgimento Pubblicitario. Aggressività e Amore. La Casalinga e il Gioco. Pseudo-Personalità. Significati Funzionali della Pubblicità Televisiva. Euforicità del Messaggio Pubblicitario. Alternativa Fra Orizzonte Normativo ed Orizzonte del Desiderabile. aCOMUNICAZIONEvPUBBLICAZIONE PERIODICA aMelchiorre Virgilio aRositi Franco gCodice Aut. SPICS: 3903Codice Aut. SPICS: 1879